000 00526nam a2200181Ia 4500
005 20250326130831.0
008 250326s9999 xx 000 0 und d
037 _aTextbook
040 _aFMSL
_beng
_cFMSL
041 _aeng
_2eng
084 _aX:(B) P3
_qFMSL
100 _aSchell C
_9741494
245 0 _aManaging credit risk: tools and applications for effective risk control
_cSchell C
260 _aLondon
_bLondon, Euromoney
_c2003
300 _a159p
942 _cTB
_hX:(B) P3
999 _c1284297
_d1284297